Odpady z obalov z domácností a odpady z neobalových výrobkov analyzované vo vybraných mestách Slovenska

Ako sa podielajú odpady z obalov z domácností na plnení cieľov revízie právnych predpisov EÚ o odpadoch, prijatej v r. 2018 (odpadový balík). Obsah zberných nádob v rôznych mestách. Možnosti nakladania s odpadmi z obalov v rámci obehového hospodárstva.

Gespeichert in:
Bibliographische Detailangaben
1. Verfasser: Trošanová, Mária
Format: Buchkapitel
Sprache:Slowakisch
Schlagworte:
Tags: Tag hinzufügen
Keine Tags, Fügen Sie das erste Tag hinzu!

MARC

LEADER 00000naa a2200000 4500
001 0286396
005 20240417075208.8
041 0 |a slo 
044 |a SK 
245 1 0 |a Odpady z obalov z domácností a odpady z neobalových výrobkov analyzované vo vybraných mestách Slovenska  |c Mária Trošanová 
520 |a Ako sa podielajú odpady z obalov z domácností na plnení cieľov revízie právnych predpisov EÚ o odpadoch, prijatej v r. 2018 (odpadový balík). Obsah zberných nádob v rôznych mestách. Možnosti nakladania s odpadmi z obalov v rámci obehového hospodárstva. 
610 2 0 |a odpad 
610 2 0 |a odpad komunálny 
610 2 0 |a obaly 
610 2 0 |a Európska únia 
610 2 0 |a Európska komisia 
610 2 0 |a predpisy 
610 2 0 |a zákony 
610 2 0 |a legislatíva 
610 2 0 |a právo 
610 2 0 |a prostredie životné 
100 1 |a Trošanová, Mária